| 000 | 01384nam a2200229Ia 4500 | ||
|---|---|---|---|
| 003 | Ost | ||
| 005 | 20260507075132.0 | ||
| 008 | 260507s9999||||xx |||||||||||||| ||und|| | ||
| 020 | _a3443119957 | ||
| 040 | _cfsecg | ||
| 041 | _aara | ||
| 082 | _a330 | ||
| 100 |
_aالسالمي، علاء عبد الرزاق _eمؤلف |
||
| 245 | 0 |
_aشبكات الإدارة الإلكترونية : _bأساسيات وأنواع الشبكات الإلكترونية وأمن ونقابة الشبكات والتجارة الإلكترونية والعمل عن بعد / _c علاء عبد الرزاق السالمي |
|
| 260 |
_aعمان: _bدار وائل للنشر, _c2003 |
||
| 300 |
_a335 صفحة؛ _bإيضاحات ؛ _c24 سم |
||
| 520 | _aالشبكات وأهميتها في تطبيق الإدارة الإلكترونية- الإدارة الإلكترونية- الشبكات اللاسلكية- الإدارة الإلكترونية والشبكة العالمية( الأنترنت)- أمن شبكات الإدارة الإلكترونية- حماية قواعد بيانات شبكات الإدارة الإلكترونية- الفايروسات في الشبكات الإلكترونية- العمل عن بعد. | ||
| 653 | _aالإدارة الإلكترونية | ||
| 653 | _aالتجارة الإلكترونية | ||
| 653 | _aالشبكات | ||
| 942 | _cكتاب | ||
| 999 |
_c43224 _d43224 |
||